| 000 | 00000nam 2200000zi 4500 |
| 001 | 9.927351 |
| 003 | CaOODSP |
| 005 | 20240202081847 |
| 006 | m o d f |
| 007 | cr cn||||||||| |
| 008 | 230915t20232023onca ob f000 0 eng d |
| 020 | |a9780660679587 |
| 040 | |aCaOODSP|beng|erda|cCaOODSP |
| 043 | |an-cn--- |
| 086 | 1 |aHP5-167/2-2023E-PDF |
| 245 | 02|aA vision for public health surveillance in Canada by 2030 : |btechnical discussion guide. |
| 264 | 1|a[Ottawa] : |bPublic Health Agency of Canada = Agence de la santé publique du Canada, |c[2023] |
| 264 | 4|c©2023 |
| 300 | |a1 online resource (10 pages) : |bcolour illustrations |
| 336 | |atext|btxt|2rdacontent |
| 337 | |acomputer|bc|2rdamedia |
| 338 | |aonline resource|bcr|2rdacarrier |
| 500 | |aIssued also in French under title: Une vision de la surveillance de la santé publique au Canada d’ici 2030 : guide de discussion technique. |
| 500 | |a"Pub.: 230555." |
| 504 | |aIncludes bibliographical references. |
| 610 | 20|aPublic Health Agency of Canada|xPlanning. |
| 650 | 0|aPublic health surveillance|zCanada. |
| 710 | 2 |aPublic Health Agency of Canada, |eissuing body. |
| 775 | 08|tUne vision de la surveillance de la santé publique au Canada d’ici 2030 : |w(CaOODSP)9.927354 |
| 856 | 40|qPDF|s3.32 MB|uhttps://publications.gc.ca/collections/collection_2024/aspc-phac/HP5-167-2-2023-eng.pdf |
| 856 | 4 |qHTML|sN/A|uhttps://www.canada.ca/en/public-health/programs/consultation-vision-public-health-assessment-canada-future/document-technical.html |